Is It That City? Quiz Stats

Quiz Updated Jun 8, 2015

Challenge
Share
Tweet
Score 0/25 Timer 06:00
3 Plays Today
% Correct
Yes! (Cairo)
95.3%
Yes! (Rome)
90.8%
Yes! (Christchurch)
80.2%
Yes! (Delhi)
79.9%
Yes! (Belize City)
78.6%
Yes! (Zagreb)
78.1%
No! (Mogadishu)
76.8%
Yes! (Port Vila)
74.4%
No! (Tallinn)
70.4%
Yes! (Bloemfontein)
68.8%
Yes! (Georgetown)
68.2%
No! (Cork)
65.6%
No! (Port-au-Prince)
65.1%
% Correct
No! (Recife)
63.3%
Yes! (Malmö)
63.1%
No! (Benghazi)
61.9%
Yes! (Maracaibo)
58.6%
No! (Montpellier)
53.1%
Yes! (Monterrey)
48.5%
No! (Haikou)
48.2%
Yes! (Magadan)
46.8%
No! (Hanoi)
43.1%
No! (Mecca)
32.6%
No! (Santa Cruz de la Sierra)
20.9%
No! (Freeport)
20.1%

You're not logged in!

Compare scores with friends on all Sporcle quizzes.
Join for Free
OR
Log In

You Might Also Like...

Show Comments

Extras

Top Quizzes Today


Score Distribution

Your Account Isn't Verified!

In order to create a playlist on Sporcle, you need to verify the email address you used during registration. Go to your Sporcle Settings to finish the process.

Report this User

Report this user for behavior that violates our Community Guidelines.

Details: